000 nam a22 7a 4500
999 _c15559
_d15559
008 161102b xxu||||| |||| 00| 0 eng d
020 _a 9780547143965
020 _a0547143966
050 _aHD 57.7 .D83 2010
100 _aDubrin,Andrew J.
245 _aLeadership :
_bresearch findings, practice, and skills/
_cAndrew J. Dubrin
250 _a6th ed.
260 _aMason, OH :
_bSouth-Western/Cengage,
_cc2010
300 _axxvii, 524p. :
_bill. ;
500 _aIncludes index.
650 _aLeadership
650 _aEmployee Motivation
650 _aLedarskap
942 _2lcc
_cBOOKS
_hHD 57.7 .D83 2010